000 00821cam a2200229 a 4500
001 15019769
005 20250214162739.0
008 070924s2009 maua b 001 0 eng
020 _a9780547014555 (pbk.)
020 _a0547014554
050 0 0 _aBF121
_b.N416 2009
082 0 0 _a150
_222
100 1 _aNevid, Jeffrey S.
245 1 0 _aEssentials of psychology :
_bconcepts and applications /
_cJeffrey S. Nevid.
250 _a2nd ed.
260 _aBoston, MA :
_bHoughton MIfflin,
_cc2009.
300 _axxvi, 522, [84] p. :
_bill. ;
_c28 cm.
650 0 _aPsychology.
856 4 2 _3Publisher description
_uhttp://www.loc.gov/catdir/enhancements/fy1215/2007938108-d.html
856 4 2 _3Contributor biographical information
_uhttp://www.loc.gov/catdir/enhancements/fy1513/2007938108-b.html
942 _2lcc
_cBK
_e2nd Ed.
_n0
999 _c3874
_d3874